00605nam a22001937a 4500999001700000003000400017005001700021008004100038040001000079041000800089082001600097245009500113250001200208260006100220300001100281650001900292942001200311952008800323 c27624d27624OSt20250213120147.0250213b ||||| |||| 00| 0 eng d cimukc aeng a920.8bR128 aMahatma Gandhi : essays and reflections on his life and work /cedited by S. Radhakrishnan a2nd ed. aBombay : bJaico publising house, c1957. a426 p. 09338aBiography 2ddccBK 00102ddc4070aCLbCLd2025-02-13o920.8 R128pF00806r2025-02-13w2025-02-13yBK